01424nam a22003135a 450000500170000000800410001701000140005802000270007203500130009903700150011204000180012708200120014524500820015726000980023927000540033727000610039130000390045250000410049152001790053260000400071165000400075165100410079170000200083270000210085271000480087394200260092199900170094795201460096420080807134936.0080709s2008 ii a b 010 0 eng  aENG-92690 a9788121511865c1000.00 aEN-76223 bDBAD / PUB adplbEnglish  a250.392 aXuanzang and the Silk Route /cedited by Lokesh Chandra [and] Radha Banerjee aNew DelhibIndira Gandhi National Centre for the Arts bMunshiram Manoharlal Publishersc2008 aCentral Vista Mess, Janpath, bNew Delhi e110001 aPost Box 5715, 54 RAni Jhansi Road, bNew Delhi e110055 axxii, 292 p. :bill. ;c29 cm (Hb) aIncludes bibliographical references. aContributed papers on the life and achivements of Xuanzang, ca. 596-664, Buddhist priest presented at an international seminar; includes papers on Buddhist cultural heritage. aXuanzang,dca. 596-664vCongresses. aCivilization, BuddhistvCongresses. aSilk RoadxCivilizationvCongresses. aLokesh Chandra. aBanerjee, Radha. aIndira Gandhi National Centre for the Arts. 2ddccENmXUAh250.392 c22622d22622 00102ddc40718NFICaDBADbDBADd2009-02-02eDBAD / PUBg1000.00l0o250.392 XUApEN-76223r2009-01-30 00:00:00t1v1000.00w2009-01-30yEN